[Event "Eurasia Cup op"]
[Site "Ekaterinburg"]
[Date "2019.08.08"]
[Round "9"]
[White "Osipov, Igor"]
[Black "Kolesov, Gordey"]
[Result "1/2-1/2"]
[WhiteElo "2030"]
[BlackElo "1687"]
[PlyCount "93"]
[EventDate "2019.07.31"]
[EventType "swiss"]
[EventRounds "9"]
[EventCountry "RUS"]
[SourceTitle "EXT 2020"]
[Source "ChessBase"]
[SourceDate "2019.10.17"]
[SourceVersion "1"]
[SourceVersionDate "2019.10.17"]
[SourceQuality "1"]

1. d4 Nf6 2. c4 e6 3. Nc3 Bb4 4. e3 0-0 5. Nge2 Re8 6. a3 Bf8 7. Nf4 d5 8. cxd5 exd5 9. Bd3 c6 10. Qc2 Nbd7 11. 0-0 Bd6 12. Bd2 Nf8 13. Rac1 Ng6 14. Nxg6 hxg6 15. e4 dxe4 16. Nxe4 Nxe4 17. Bxe4 Bxh2+ 18. Kxh2 Qh4+ 19. Kg1 Rxe4 20. Bg5 Qg4 21. f3 Qxg5 22. Qxe4 Bh3 23. f4 Qf5 24. Qxf5 Bxf5 25. Rfe1 Be6 26. Kf2 Kf8 27. Ke3 Ke7 28. Kd3 Kd6 29. g3 Bd5 30. Re3 Rh8 31. a4 Rh2 32. Rc2 Rh1 33. Kc3 Ra1 34. b3 Rb1 35. Rb2 Rc1+ 36. Kd2 Rh1 37. Re1 Rh3 38. Rg1 Kd7 39. a5 a6 40. Kc3 Kc7 41. Kb4 Kd6 42. Re2 Be6 43. Re5 Rh2 44. Kc3 Rh3 45. Re3 Rh5 46. Re5 Rh3 47. Re3 1/2-1/2

[Event "Eurasia Cup op"]
[Site "Ekaterinburg"]
[Date "2019.08.05"]
[Round "5"]
[White "Fedorov, Ivan"]
[Black "Kolesov, Gordey"]
[Result "1-0"]
[WhiteElo "1997"]
[BlackElo "1687"]
[PlyCount "79"]
[EventDate "2019.07.31"]
[EventType "swiss"]
[EventRounds "9"]
[EventCountry "RUS"]
[SourceTitle "CBM 191 Extra"]
[Source "ChessBase"]
[SourceDate "2019.09.30"]
[SourceVersion "1"]
[SourceVersionDate "2019.09.30"]
[SourceQuality "1"]

1. d4 Nf6 2. Bg5 d5 3. c4 e6 4. Nc3 Be7 5. e3 h6 6. Bf4 0-0 7. c5 c6 8. Nf3 Nbd7 9. Be2 Nh5 10. 0-0 Nxf4 11. exf4 f6 12. b4 Qc7 13. Nh4 Rd8 14. Bd3 Nf8 15. f5 Qf4 16. Nf3 exf5 17. Re1 Re8 18. Qc2 g6 19. Re3 Kf7 20. Rae1 Ne6 21. g3 Qc7 22. Qe2 Bf8 23. Bxf5 gxf5 24. Nh4 Bg7 25. Qh5+ Kf8 26. Nxf5 Qf7 27. Qxf7+ Kxf7 28. Nd6+ Kf8 29. Nxe8 Kxe8 30. Rxe6+ Bxe6 31. Rxe6+ Kd7 32. Rd6+ Kc7 33. Ne2 Bf8 34. Rxf6 Be7 35. Rxh6 a5 36. Rh7 Kd7 37. Nf4 axb4 38. Ng6 Rxa2 39. Rxe7+ Kc8 40. Re1 1-0

[Event "Eurasia Cup op"]
[Site "Ekaterinburg"]
[Date "2019.08.01"]
[Round "2"]
[White "Kolesov, Gordey"]
[Black "Gutkovich, Polina"]
[Result "1/2-1/2"]
[WhiteElo "1761"]
[BlackElo "1983"]
[PlyCount "68"]
[EventDate "2019.07.31"]
[EventType "swiss"]
[EventRounds "9"]
[EventCountry "RUS"]
[SourceTitle "CBM 191 Extra"]
[Source "ChessBase"]
[SourceDate "2019.09.30"]
[SourceVersion "1"]
[SourceVersionDate "2019.09.30"]
[SourceQuality "1"]

1. d4 Nf6 2. c4 e6 3. Nf3 c5 4. d5 exd5 5. cxd5 d6 6. Nc3 g6 7. Nd2 Bg7 8. Nc4 0-0 9. Bf4 Ne8 10. e3 Na6 11. Nb5 Nac7 12. Nxc7 Qxc7 13. a4 Bd7 14. Be2 a6 15. 0-0 b5 16. axb5 Bxb5 17. Qc2 Rb8 18. Ra2 Bxc4 19. Bxc4 a5 20. Rfa1 Rb4 21. e4 f5 22. e5 g5 23. Bd2 Bxe5 24. Bxb4 axb4 25. Ra7 Qd8 26. Ra8 Qf6 27. R1a2 Qh6 28. g3 f4 29. Bb5 Qh3 30. Qd3 b3 31. R2a4 f3 32. Qf1 Qxf1+ 33. Kxf1 Nf6 34. Bc4 Ne4 1/2-1/2

[Event "Wch U10"]
[Site "Santiago de Compostela"]
[Date "2018.11.14"]
[Round "10"]
[White "Anand, Batsukh"]
[Black "Kolesov, Gordey"]
[Result "0-1"]
[WhiteElo "1746"]
[BlackElo "1823"]
[PlyCount "94"]
[EventDate "2018.11.04"]
[EventType "swiss"]
[EventRounds "11"]
[EventCountry "ESP"]
[SourceTitle "EXT 2022"]
[Source "ChessBase"]
[SourceDate "2021.10.06"]
[SourceVersion "1"]
[SourceVersionDate "2021.10.06"]
[SourceQuality "1"]

1. e4 e5 2. Nf3 Nc6 3. Nc3 Nf6 4. a3 d5 5. Bb5 d4 6. Ne2 Nxe4 7. d3 Nf6 8. Nxe5 Qd5 9. Bxc6+ bxc6 10. Nf3 c5 11. Nf4 Qd6 12. Qe2+ Be7 13. 0-0 0-0 14. Ne5 Re8 15. Nc4 Qd8 16. Qf3 Bg4 17. Qg3 Bf8 18. f3 Bf5 19. Nh3 Re2 20. Bd2 h6 21. Nf4 Re8 22. Rae1 Bd6 23. Rxe8+ Qxe8 24. Nxd6 cxd6 25. Nh3 Kh7 26. Qxd6 Qe2 27. Qf4 Bxh3 28. gxh3 Qe6 29. Kg2 Kg8 30. b3 Qa6 31. a4 Re8 32. Qf5 Qd6 33. Re1 Rxe1 34. Bxe1 g6 35. Qc8+ Kg7 36. Bg3 Qe7 37. Bf2 Nd5 38. Qb8 Qe2 39. Kg3 h5 40. Qd8 Ne3 41. Bxe3 dxe3 42. Qe7 Qf2+ 43. Kf4 e2 44. Qe5+ Kh7 45. Qe7 Qxh2+ 46. Kg5 Qg3+ 47. Kf6 Qh4+ 0-1

[Event "Wch U10"]
[Site "Santiago de Compostela"]
[Date "2018.11.10"]
[Round "6"]
[White "Bakhrillaev, Bakhrom"]
[Black "Kolesov, Gordey"]
[Result "0-1"]
[WhiteElo "1587"]
[BlackElo "1823"]
[PlyCount "122"]
[EventDate "2018.11.04"]
[EventType "swiss"]
[EventRounds "11"]
[EventCountry "ESP"]
[SourceTitle "EXT 2022"]
[Source "ChessBase"]
[SourceDate "2021.10.06"]
[SourceVersion "1"]
[SourceVersionDate "2021.10.06"]
[SourceQuality "1"]

1. e4 e5 2. Nf3 Nc6 3. Bc4 Bc5 4. c3 Nf6 5. d4 exd4 6. cxd4 Bb4+ 7. Nc3 Nxe4 8. 0-0 Bxc3 9. d5 Ne5 10. Nxe5 Bxe5 11. Re1 d6 12. Rxe4 0-0 13. a4 Bf5 14. Re1 Qh4 15. f4 Bxf4 16. Bxf4 Qxf4 17. Qb3 Rae8 18. Rf1 Qd4+ 19. Kh1 Re5 20. Rac1 Bc8 21. Rcd1 Qe3 22. Rd3 Qe4 23. Rdf3 Rf5 24. h3 Rxf3 25. Rxf3 Re8 26. Bb5 Re7 27. Rg3 Qe1+ 28. Kh2 Qe5 29. Kh1 Qd4 30. Rf3 Re1+ 31. Rf1 Re3 32. Qc2 Re7 33. Qb3 a6 34. Bc4 Re3 35. Qc2 Qe4 36. Qf2 f6 37. Kg1 Qe5 38. Rc1 Bd7 39. Bf1 c6 40. dxc6 Bxc6 41. Qd2 Re4 42. Rd1 Rxa4 43. Qxd6 Qxd6 44. Rxd6 Rb4 45. b3 Bb5 46. Bxb5 Rxb5 47. Rd3 Kf7 48. Kf2 Ke6 49. Ke2 a5 50. Rc3 Kd6 51. g4 b6 52. Kf3 Rc5 53. Re3 Kc6 54. Kf4 Kb5 55. Kg3 Kb4 56. Re7 g5 57. Re6 Rb5 58. Rxf6 Kxb3 59. Rf5 Kb4 60. Rf7 a4 61. h4 h6 0-1

[Event "EU-ch U10 28th"]
[Site "Riga"]
[Date "2018.08.22"]
[Round "3"]
[White "Kolesov, Gordey"]
[Black "Matsumura, Cocoro"]
[Result "1-0"]
[WhiteElo "1819"]
[BlackElo "1652"]
[PlyCount "31"]
[EventDate "2018.08.20"]
[EventType "swiss"]
[EventRounds "9"]
[EventCountry "LAT"]
[SourceTitle "CBM 186 Extra"]
[Source "ChessBase"]
[SourceDate "2018.08.24"]
[SourceVersion "1"]
[SourceVersionDate "2018.08.24"]
[SourceQuality "1"]

1. d4 Nf6 2. c4 c5 3. d5 b5 4. cxb5 e6 5. Nc3 exd5 6. Nxd5 Bb7 7. e4 Nxe4 8. Bc4 Bd6 9. Nf3 0-0 10. 0-0 a6 11. Re1 Nf6 12. Bg5 Kh8 13. Nxf6 Bxh2+ 14. Kxh2 gxf6 15. Bh6 Re8 16. Qd6 1-0

[Event "Wch U10 rapid"]
[Site "Minsk"]
[Date "2018.06.23"]
[Round "5"]
[White "Kolesov, Gordey"]
[Black "Chernyaev, Tihon"]
[Result "0-1"]
[WhiteElo "1655"]
[BlackElo "2143"]
[PlyCount "188"]
[EventDate "2018.06.22"]
[EventType "swiss (rapid)"]
[EventRounds "9"]
[EventCountry "BLR"]
[SourceTitle "EXT 2019"]
[Source "ChessBase"]
[SourceDate "2018.10.10"]
[SourceVersion "1"]
[SourceVersionDate "2018.10.10"]
[SourceQuality "1"]

1. d4 d5 2. c4 c6 3. Nf3 Nf6 4. Nc3 e6 5. e3 Nbd7 6. Be2 b6 7. 0-0 Be7 8. a4 Bb7 9. a5 bxa5 10. c5 0-0 11. Qa4 Qb8 12. Nd2 Bd8 13. Nb3 e5 14. Nxa5 Bxa5 15. Qxa5 Re8 16. b4 exd4 17. exd4 Ne4 18. Na4 Qd8 19. Be3 Qc8 20. b5 cxb5 21. Bxb5 Bc6 22. Ba6 Qd8 23. Qxd8 Rexd8 24. Bf4 Re8 25. f3 Nef6 26. Nc3 h6 27. Kf2 g5 28. Bd6 Re6 29. Nb5 Ne8 30. Bc7 Bxb5 31. Bxb5 Nxc5 32. dxc5 Nxc7 33. Bd7 Re7 34. Bc6 Rc8 35. Rxa7 Kf8 36. Bb7 Nb5 37. Bxc8 Rxa7 38. c6 Rc7 39. Bd7 Na7 40. Rc1 Ke7 41. Ke3 Kd6 42. Kd4 Nxc6+ 43. Bxc6 Rxc6 44. Ra1 Rc2 45. Ra6+ Rc6 46. Ra5 Rc4+ 47. Kd3 Rc5 48. Ra6+ Rc6 49. Ra5 Ke5 50. Ra7 f5 51. Re7+ Re6 52. Rd7 Rb6 53. Re7+ Kf6 54. Rh7 Kg6 55. Rd7 Rb2 56. Rd6+ Kh5 57. Rxd5 Rxg2 58. Rxf5 Rxh2 59. Ke3 Rh1 60. Rf6 Re1+ 61. Kf2 Re5 62. Kg3 Ra5 63. Rb6 Ra3 64. Rb5 Ra6 65. Rc5 Kg6 66. Rb5 h5 67. Rb3 Rf6 68. Rd3 h4+ 69. Kh3 Kh5 70. Ra3 Re6 71. Rb3 Rf6 72. Ra3 Rf4 73. Rd3 Rc4 74. Ra3 Rc1 75. Kg2 Rc2+ 76. Kh3 Rc6 77. Rb3 Rf6 78. Ra3 Kg6 79. Kg2 Re6 80. Kh3 Kf5 81. Kg2 Re2+ 82. Kh3 Kf4 83. Ra4+ Kxf3 84. Rb4 Re4 85. Rb3+ Kf4 86. Rb8 Re3+ 87. Kh2 g4 88. Rf8+ Ke4 89. Re8+ Kf3 90. Rf8+ Ke2 91. Kg2 Rg3+ 92. Kh2 Rf3 93. Re8+ Kf2 94. Ra8 Rh3# 0-1

[Event "EU-ch U10 27th"]
[Site "Mamaia"]
[Date "2017.09.14"]
[Round "9"]
[White "Kanov, Nikola"]
[Black "Kolesov, Gordey"]
[Result "0-1"]
[WhiteElo "1590"]
[BlackElo "1672"]
[PlyCount "152"]
[EventDate "2017.09.05"]
[EventType "swiss"]
[EventRounds "9"]
[EventCountry "ROU"]
[SourceTitle "CBM 180 Extra"]
[Source "ChessBase"]
[SourceDate "2017.10.06"]
[SourceVersion "1"]
[SourceVersionDate "2017.10.06"]
[SourceQuality "1"]

1. e4 c5 2. Nf3 d6 3. d4 cxd4 4. Nxd4 Nf6 5. Nc3 a6 6. f3 e6 7. Be3 b5 8. Qd2 Nbd7 9. 0-0-0 b4 10. Nce2 Ne5 11. Ng3 Qa5 12. Kb1 Bd7 13. Nb3 Qa4 14. Bb6 Qc6 15. Ba5 Rc8 16. Nd4 Qb7 17. Qxb4 Qxb4 18. Bxb4 Nc4 19. Nb3 d5 20. Bxf8 Rxf8 21. exd5 Nxd5 22. Bxc4 Rxc4 23. Ne4 Ke7 24. Nec5 Bb5 25. Rhe1 Kf6 26. Ne4+ Kg6 27. Nbc5 Rc8 28. b3 R4xc5 29. Nxc5 Nc3+ 30. Ka1 Nxd1 31. Rxd1 Rxc5 32. c4 Bc6 33. Rd6 a5 34. Kb2 Kf6 35. Kc3 Ke7 36. Rd2 Rh5 37. h3 e5 38. a3 Rh6 39. b4 axb4+ 40. axb4 e4 41. b5 Bb7 42. fxe4 Bxe4 43. c5 Rg6 44. g4 Rh6 45. Re2 Re6 46. Rd2 f6 47. c6 Bxc6 48. bxc6 Rxc6+ 49. Kb2 Rd6 50. Re2+ Re6 51. Rh2 Re3 52. Kc2 Ke6 53. Kd2 Ra3 54. Re2+ Kf7 55. Re3 Rxe3 56. Kxe3 Ke6 57. Kd4 g6 58. Ke4 f5+ 59. Kf4 Kf6 60. h4 h6 61. Kg3 Ke5 62. Kf3 f4 63. Ke2 g5 64. hxg5 hxg5 65. Kd3 Kd5 66. Ke2 Ke4 67. Kf2 f3 68. Ke1 Ke3 69. Kf1 f2 70. Kg2 Ke2 71. Kg3 f1Q 72. Kh2 Qf3 73. Kg1 Qxg4+ 74. Kh2 Qh4+ 75. Kg1 Kf3 76. Kf1 Qh1# 0-1

[Event "EU-ch U10 27th"]
[Site "Mamaia"]
[Date "2017.09.13"]
[Round "8"]
[White "Kolesov, Gordey"]
[Black "Georgiev, Konstantin"]
[Result "0-1"]
[WhiteElo "1672"]
[BlackElo "1911"]
[PlyCount "208"]
[EventDate "2017.09.05"]
[EventType "swiss"]
[EventRounds "9"]
[EventCountry "ROU"]
[SourceTitle "CBM 180 Extra"]
[Source "ChessBase"]
[SourceDate "2017.10.06"]
[SourceVersion "1"]
[SourceVersionDate "2017.10.06"]
[SourceQuality "1"]

1. e4 c5 2. Nf3 Nc6 3. d4 cxd4 4. Nxd4 Nf6 5. Nc3 e6 6. Ndb5 Bb4 7. a3 Bxc3+ 8. Nxc3 d5 9. exd5 exd5 10. Bd3 0-0 11. 0-0 d4 12. Ne2 h6 13. Bf4 Re8 14. Re1 Nd5 15. Qd2 Be6 16. Rad1 Qf6 17. Bg3 Nb6 18. Qf4 Qxf4 19. Bxf4 Nc4 20. Bc1 N4e5 21. Bb5 Bc4 22. Bxc4 Nxc4 23. b3 N4e5 24. Kf1 Rad8 25. Nf4 Kh7 26. Nd3 f6 27. h3 g5 28. Re2 Kg6 29. Bb2 Kf7 30. Red2 Re7 31. Ba1 b6 32. Ne1 Red7 33. g3 h5 34. Kg2 g4 35. hxg4 hxg4 36. f4 gxf3+ 37. Nxf3 Nxf3 38. Kxf3 Ke6 39. Ke4 f5+ 40. Kf4 Rd5 41. Rh1 Kd6 42. Rh5 Rf8 43. c4 Re5 44. Rh6+ Kd7 45. b4 Re4+ 46. Kf3 Ne5+ 47. Kg2 Nxc4 48. Rxd4+ Rxd4 49. Bxd4 Nxa3 50. Rh7+ Kc6 51. Rxa7 Nb5 52. Bg7 Rd8 53. Rf7 Nd6 54. Rf8 Rd7 55. Be5 Nc4 56. Bf4 Rd5 57. Rb8 Kb5 58. Bc7 Rd7 59. Bd8 Rd3 60. Be7 Rd7 61. Re8 Ne5 62. Bf8 Rd2+ 63. Kf1 Rd5 64. Ke2 Nc6 65. Ke3 Nxb4 66. Re6 Nc6 67. Kf4 Rd1 68. Bg7 Rf1+ 69. Kg5 Rf3 70. g4 fxg4 71. Kxg4 Rf1 72. Bb2 Rf2 73. Bc3 Kc5 74. Kg3 Rc2 75. Bf6 b5 76. Kf4 b4 77. Re8 b3 78. Kg5 Rg2+ 79. Kh6 Rd2 80. Rc8 Rd6 81. Kg5 Rxf6 82. Re8 Rf2 83. Re1 Nd4 84. Rb1 Kc4 85. Kh4 b2 86. Kg3 Rc2 87. Kf4 Kb3 88. Ke3 Ka2 89. Rh1 b1Q 90. Rxb1 Kxb1 91. Kxd4 Kb2 92. Kd5 Kb3 93. Ke5 Rd2 94. Ke6 Kc4 95. Ke5 Re2+ 96. Kd6 Re4 97. Kc7 Re6 98. Kd7 Kd5 99. Kc7 Rd6 100. Kb7 Rc6 101. Ka7 Kc5 102. Kb7 Kb5 103. Ka7 Rc7+ 104. Kb8 Kb6 0-1

[Event "EU-ch U10 27th"]
[Site "Mamaia"]
[Date "2017.09.07"]
[Round "3"]
[White "Orujov, Farid"]
[Black "Kolesov, Gordey"]
[Result "0-1"]
[WhiteElo "1531"]
[BlackElo "1672"]
[PlyCount "78"]
[EventDate "2017.09.05"]
[EventType "swiss"]
[EventRounds "9"]
[EventCountry "ROU"]
[SourceTitle "CBM 180 Extra"]
[Source "ChessBase"]
[SourceDate "2017.10.06"]
[SourceVersion "1"]
[SourceVersionDate "2017.10.06"]
[SourceQuality "1"]

1. d4 Nf6 2. Nf3 e6 3. c4 d5 4. Nc3 Bb4 5. Qb3 Bxc3+ 6. Qxc3 0-0 7. Bg5 Nbd7 8. e3 h6 9. Bf4 Nh5 10. Be5 Nhf6 11. Bd3 b6 12. 0-0 Bb7 13. Rfc1 Rc8 14. Qa3 dxc4 15. Rxc4 Bxf3 16. gxf3 Nxe5 17. dxe5 Nh5 18. Qc3 Qe7 19. Rc1 c5 20. Rg4 Rfd8 21. Kh1 Qd7 22. Ba6 Rb8 23. Rcg1 g6 24. Qc2 Ng7 25. Bc4 b5 26. Bf1 Qd5 27. Re4 c4 28. Qc3 Qd2 29. Qa3 Qxf2 30. Qxa7 Ra8 31. Qc7 Rd1 32. Rf4 Rf8 33. Qb7 Rxf1 34. Rfg4 Qxf3+ 35. Qxf3 Rxf3 36. Re1 Rd8 37. Rg2 Rd3 38. Rge2 Nf5 39. e4 Nd4 0-1

[Event "EU School-ch U09"]
[Site "Budva"]
[Date "2017.06.14"]
[Round "5"]
[White "Kolesov, Gordey"]
[Black "Uritsky, Yonathan"]
[Result "1-0"]
[WhiteElo "1711"]
[BlackElo "1634"]
[PlyCount "69"]
[EventDate "2017.06.11"]
[EventType "swiss"]
[EventRounds "9"]
[EventCountry "MNE"]
[SourceTitle "EXT 2024"]
[Source "ChessBase"]
[SourceDate "2023.10.10"]
[SourceVersion "1"]
[SourceVersionDate "2023.10.10"]
[SourceQuality "1"]

1. d4 Nf6 2. c4 g6 3. Nc3 d5 4. Nf3 Bg7 5. Bg5 Ne4 6. cxd5 Nxc3 7. bxc3 Qxd5 8. e3 c5 9. Bd3 Bg4 10. h3 Bxf3 11. Qxf3 Qxf3 12. gxf3 Nc6 13. Ke2 0-0 14. Rab1 b6 15. dxc5 bxc5 16. Rb5 Rab8 17. Rhb1 c4 18. Bxc4 Bxc3 19. Rxb8 Rxb8 20. Rxb8+ Nxb8 21. Bxe7 Nc6 22. Bc5 a5 23. a3 Ne5 24. Bb5 f5 25. Bd4 Bxd4 26. exd4 Nf7 27. Bc4 Kg7 28. Bxf7 Kxf7 29. Kd3 Ke6 30. Kc4 Kd6 31. f4 Kc6 32. a4 Kd6 33. d5 Kd7 34. Kc5 Kc7 35. d6+ 1-0

[Event "Wch U08"]
[Site "Batumi"]
[Date "2016.10.30"]
[Round "11"]
[White "Fomin, Nikita1111"]
[Black "Kolesov, Gordey"]
[Result "0-1"]
[WhiteElo "1591"]
[BlackElo "1643"]
[PlyCount "150"]
[EventDate "2016.10.19"]
[EventType "swiss"]
[EventRounds "11"]
[EventCountry "GEO"]
[SourceTitle "CBM 175 Extra"]
[Source "ChessBase"]
[SourceDate "2016.12.12"]
[SourceVersion "1"]
[SourceVersionDate "2016.12.12"]
[SourceQuality "1"]

1. e4 c5 2. Nf3 e6 3. d4 cxd4 4. Nxd4 Nf6 5. Nc3 d6 6. Be2 Be7 7. 0-0 Nc6 8. Be3 0-0 9. f4 a6 10. Bf3 Qc7 11. Qd2 Bd7 12. Rad1 Rac8 13. Rfe1 b5 14. a3 Na5 15. Be2 Nc4 16. Bxc4 Qxc4 17. Bf2 Rfd8 18. Nb3 Qc7 19. Qe2 Bc6 20. Bg3 Rb8 21. Rd4 a5 22. Kh1 b4 23. axb4 Rxb4 24. Rxb4 axb4 25. Na2 Nxe4 26. Nxb4 Nxg3+ 27. hxg3 Bd7 28. c3 Rc8 29. Nd4 Qc4 30. Qf3 Bf6 31. Rd1 Qc7 32. Qd3 Qa5 33. Ndc2 Be7 34. Qe2 Qb5 35. Qf3 Qc4 36. Rd4 Qc5 37. Rd2 g6 38. g4 Qc4 39. Na3 Qc7 40. Re2 Qd8 41. Nac2 Bb5 42. Rd2 Qd7 43. Nd4 Kg7 44. Nxb5 Qxb5 45. Kh2 h5 46. g5 Qf5 47. Qe3 Rc4 48. Rd4 Rxd4 49. Qxd4+ e5 50. fxe5 dxe5 51. Qe3 Bxg5 52. Qf3 Qe6 53. Qe2 e4 54. Nc2 Qd6+ 55. Kh1 Qd3 56. Nd4 Qxe2 57. Nxe2 Kf6 58. Kh2 Ke5 59. Kg3 f5 60. Kf2 Bh6 61. b3 g5 62. Nd4 g4 63. g3 e3+ 64. Ke2 Ke4 65. b4 Bf8 66. Ne6 Be7 67. b5 h4 68. b6 h3 69. b7 Bd6 70. Ng5+ Kd5 71. Kf1 e2+ 72. Kxe2 h2 73. c4+ Kc6 74. b8Q Bxb8 75. Ne6 h1Q 0-1

[Event "EU-ch U08 26th"]
[Site "Prague"]
[Date "2016.08.27"]
[Round "9"]
[White "Kolesov, Gordey"]
[Black "Fizer, Marek"]
[Result "1-0"]
[WhiteElo "1627"]
[BlackElo "1297"]
[PlyCount "51"]
[EventDate "2016.08.18"]
[EventType "swiss"]
[EventRounds "9"]
[EventCountry "CZE"]
[SourceTitle "CBM 174 Extra"]
[Source "ChessBase"]
[SourceDate "2016.10.10"]
[SourceVersion "1"]
[SourceVersionDate "2016.10.10"]
[SourceQuality "1"]

1. e4 c5 2. Nf3 Nc6 3. c3 e6 4. d4 cxd4 5. cxd4 Nf6 6. Nc3 Bb4 7. Bd3 d5 8. e5 Ne4 9. Qc2 0-0 10. Bxe4 dxe4 11. Qxe4 Qb6 12. 0-0 Rd8 13. Be3 Qc7 14. Ne2 b6 15. a3 Bf8 16. Rac1 Bb7 17. Qg4 Rac8 18. Ng3 Ba8 19. Nh5 Qb7 20. Nxg7 Bxg7 21. Bh6 f5 22. exf6 Nxd4 23. Nxd4 Rxd4 24. Qxe6+ Qf7 25. Rxc8+ Bf8 26. Rxf8# 1-0

[Event "EU-ch U08 26th"]
[Site "Prague"]
[Date "2016.08.26"]
[Round "8"]
[White "Zieba, Hubert"]
[Black "Kolesov, Gordey"]
[Result "0-1"]
[WhiteElo "1142"]
[BlackElo "1627"]
[PlyCount "98"]
[EventDate "2016.08.18"]
[EventType "swiss"]
[EventRounds "9"]
[EventCountry "CZE"]
[SourceTitle "CBM 174 Extra"]
[Source "ChessBase"]
[SourceDate "2016.10.10"]
[SourceVersion "1"]
[SourceVersionDate "2016.10.10"]
[SourceQuality "1"]

1. c4 Nf6 2. Nc3 e6 3. g3 d5 4. Bg2 d4 5. Ne4 Nxe4 6. Bxe4 Be7 7. d3 c5 8. Bg2 Nc6 9. Nf3 e5 10. 0-0 0-0 11. b3 Bg4 12. h3 Bh5 13. Ba3 Rc8 14. Nd2 f5 15. Nb1 Bg6 16. Nd2 Re8 17. Qc2 b6 18. Kh2 Bf6 19. Rac1 Qd7 20. Bd5+ Kh8 21. Bg2 Red8 22. Rcd1 Re8 23. Rfe1 Nd8 24. e4 dxe3 25. Rxe3 Bg5 26. Re2 Nc6 27. Nf3 Bh5 28. Nxg5 Nd4 29. Qd2 Bxe2 30. Re1 Bh5 31. Bd5 h6 32. Ne6 Rxe6 33. Bxe6 Qxe6 34. Qe3 Nf3+ 35. Kg2 Nxe1+ 36. Qxe1 e4 37. dxe4 Qxe4+ 38. Qxe4 fxe4 39. g4 Be8 40. Bxc5 bxc5 41. b4 cxb4 42. a4 bxa3 43. c5 a2 44. g5 a1Q 45. gxh6 Bc6 46. hxg7+ Qxg7+ 47. Kf1 Bb5+ 48. Ke1 Rd8 49. h4 Qc3# 0-1

[Event "EU-ch U08 26th"]
[Site "Prague"]
[Date "2016.08.20"]
[Round "3"]
[White "Kuhn, Clement"]
[Black "Kolesov, Gordey"]
[Result "1/2-1/2"]
[WhiteElo "1393"]
[BlackElo "1627"]
[PlyCount "78"]
[EventDate "2016.08.18"]
[EventType "swiss"]
[EventRounds "9"]
[EventCountry "CZE"]
[SourceTitle "CBM 174 Extra"]
[Source "ChessBase"]
[SourceDate "2016.10.10"]
[SourceVersion "1"]
[SourceVersionDate "2016.10.10"]
[SourceQuality "1"]

1. d4 Nf6 2. Nf3 d5 3. Bf4 Bf5 4. e3 e6 5. c4 Bxb1 6. Qa4+ Nc6 7. Rxb1 Bb4+ 8. Ke2 dxc4 9. Ne5 Nd5 10. Nxc6 Qd7 11. Bxc7 bxc6 12. g3 Be7 13. Ba5 Rb8 14. Qxc4 0-0 15. Bg2 Rb5 16. Bc3 Rc8 17. Rhc1 c5 18. Qd3 Bf6 19. Bxd5 exd5 20. dxc5 Bxc3 21. Rxc3 Rbxc5 22. Rxc5 Rxc5 23. e4 Qe7 24. f3 dxe4 25. fxe4 Re5 26. Kf3 Qf6+ 27. Ke2 g6 28. b4 Qe6 29. Kf3 Qxa2 30. Qd8+ Kg7 31. Qd4 Qe6 32. Ra1 Qf6+ 33. Ke3 Qg5+ 34. Kd3 Qh5 35. Kc4 Qe2+ 36. Kb3 Qxe4 37. Qxe4 Rxe4 38. Rxa7 Re2 39. Ra2 Re6 1/2-1/2

[Event "EU-ch U08 26th"]
[Site "Prague"]
[Date "2016.08.19"]
[Round "2"]
[White "Kolesov, Gordey"]
[Black "Azimov, Timur"]
[Result "1-0"]
[WhiteElo "1627"]
[BlackElo "1324"]
[PlyCount "123"]
[EventDate "2016.08.18"]
[EventType "swiss"]
[EventRounds "9"]
[EventCountry "CZE"]
[SourceTitle "CBM 174 Extra"]
[Source "ChessBase"]
[SourceDate "2016.10.10"]
[SourceVersion "1"]
[SourceVersionDate "2016.10.10"]
[SourceQuality "1"]

1. e4 c5 2. Nf3 d6 3. d4 cxd4 4. Qxd4 Nc6 5. Bb5 Bd7 6. Bxc6 bxc6 7. c4 Nf6 8. Nc3 e5 9. Qd3 h6 10. 0-0 Be7 11. h3 0-0 12. Be3 Nh7 13. c5 Qc7 14. cxd6 Bxd6 15. Rfd1 Bb4 16. Qxd7 Qxd7 17. Rxd7 Bxc3 18. bxc3 Nf6 19. Rxa7 Rxa7 20. Bxa7 Ra8 21. Be3 Nxe4 22. c4 f6 23. a4 Nd6 24. Nd2 Nb7 25. Nb3 Nd6 26. a5 Nxc4 27. a6 Nd6 28. Bc5 Nb5 29. Nd2 Nc7 30. a7 Ne6 31. Be3 Nc7 32. Bc5 Ne6 33. Nc4 Nxc5 34. Nb6 Rxa7 35. Rxa7 Ne6 36. Ra8+ Kf7 37. Rc8 Nd4 38. Kf1 Kg6 39. Ke1 Kf5 40. Kd2 g6 41. Nc4 g5 42. Na5 g4 43. h4 Ke4 44. Nxc6 Nxc6 45. Rxc6 Kf5 46. Rc8 Kg6 47. Rg8+ Kh5 48. g3 f5 49. Re8 e4 50. Ke3 Kg6 51. Kf4 Kf7 52. Re5 Kg6 53. Rxf5 e3 54. fxe3 Kg7 55. e4 Kg6 56. e5 Kg7 57. e6 Kg8 58. e7 Kg7 59. e8Q Kh7 60. Qf7+ Kh8 61. Qg6 h5 62. Rf8# 1-0